<?xml version="1.0" encoding="UTF-8"?>
<record
    xmlns:xsi="http://www.w3.org/2001/XMLSchema-instance"
    xsi:schemaLocation="http://www.loc.gov/MARC21/slim http://www.loc.gov/standards/marcxml/schema/MARC21slim.xsd"
    xmlns="http://www.loc.gov/MARC21/slim">

  <leader>02627aam a2200397 a 4500</leader>
  <controlfield tag="003">PE-LiUPU</controlfield>
  <controlfield tag="005">20250731173602.0</controlfield>
  <controlfield tag="008">240718b        |||||||| |||| 00| 0 spa d</controlfield>
  <datafield tag="020" ind1=" " ind2=" ">
    <subfield code="a">9789877013207</subfield>
    <subfield code="q">v. 1</subfield>
  </datafield>
  <datafield tag="040" ind1=" " ind2=" ">
    <subfield code="a">AR-BaBN</subfield>
    <subfield code="b">spa</subfield>
    <subfield code="c">PE-LiUPU</subfield>
    <subfield code="e">rda</subfield>
    <subfield code="d">PE-LiUPU</subfield>
  </datafield>
  <datafield tag="041" ind1="1" ind2=" ">
    <subfield code="a">spa</subfield>
    <subfield code="h">eng</subfield>
  </datafield>
  <datafield tag="080" ind1="1" ind2=" ">
    <subfield code="a">279.14-475.5</subfield>
    <subfield code="2">2016</subfield>
  </datafield>
  <datafield tag="082" ind1=" " ind2=" ">
    <subfield code="2">23</subfield>
    <subfield code="a">286.7325</subfield>
    <subfield code="b">SE</subfield>
  </datafield>
  <datafield tag="100" ind1="1" ind2=" ">
    <subfield code="a">White, Elena G. de</subfield>
    <subfield code="d">1848-1915</subfield>
    <subfield code="9">959</subfield>
  </datafield>
  <datafield tag="245" ind1="1" ind2="0">
    <subfield code="a">Sermones escogidos :</subfield>
    <subfield code="b">Tomo 1 /</subfield>
    <subfield code="c">Elena G. de White.</subfield>
  </datafield>
  <datafield tag="264" ind1=" " ind2=" ">
    <subfield code="a">Florida Oeste :</subfield>
    <subfield code="b">Asociaci&#xF3;n Casa Editora Sudamericana,</subfield>
    <subfield code="c">2015.</subfield>
  </datafield>
  <datafield tag="300" ind1=" " ind2=" ">
    <subfield code="a">416 p&#xE1;ginas :</subfield>
    <subfield code="c">22 cent&#xED;metros.</subfield>
  </datafield>
  <datafield tag="490" ind1="0" ind2=" ">
    <subfield code="a">(Biblioteca del hogar cristiano)</subfield>
  </datafield>
  <datafield tag="505" ind1=" " ind2=" ">
    <subfield code="a">Un sue&#xF1;o con respecto al valor del trabajo en equipo -- Llamados a la fiesta de bodas -- La alimentaci&#xF3;n y la salud -- O&#xED;r y actuar -- Preparaci&#xF3;n para cl Juicio -- Nuestra ciudadan&#xED;a est&#xE1; en los cielos -- Prediquen el mensaje del tercer &#xE1;ngel -- Comentarios despu&#xE9;s de leer un art&#xED;culo antes de llegar al Congreso -- La relaci&#xF3;n del ministro con la Palabra de Dios -- Libertad religiosa -- Buscando faltas -- Contemplemos la gloria de Cristo -- Preparaci&#xF3;n para la venida de Cristo -- Cristo y la Ley -- En respuesta a la nueva luz -- Qui&#xE9;n aceptar&#xE1; la luz del Cielo? -- El esp&#xED;ritu de discernimiento -- Abrigar fe en lugar de dudas -- La importancia de ejercer la fe -- El peligro de un esp&#xED;ritu independiente -- Reflexiones sobre una reuni&#xF3;n de la Asociaci&#xF3;n de M&#xED;chigan -- Se necesita la obra y el bautismo del Esp&#xED;ritu Santo -- Los frutos de la conversi&#xF3;n -- Temperancia -- Guardar los mandamientos --Vida eterna -- En busca de los tesoros celestiales -- Andar por el Esp&#xED;ritu -- La verdadera educaci&#xF3;n -- El ministerio La voluntad de Dios con respecto a ustedes -- Hablemos de fe y avancemos -- Palabras a los alumnos -- La vida cristiana -- El privilegio del alumno -- Palabras a los alumnos -- El fundamento de nuestra fe --  Instrucciones para los obreros del sanatorio y del restaurante -- Lecciones de Romanos 15 -- Lecciones de las visiones de Ezequiel -- Lecciones del Pentecost&#xE9;s -- Yo soy la Vid verdadera.</subfield>
  </datafield>
  <datafield tag="526" ind1=" " ind2=" ">
    <subfield code="a">SEG42</subfield>
  </datafield>
  <datafield tag="526" ind1=" " ind2=" ">
    <subfield code="a">SEG41</subfield>
  </datafield>
  <datafield tag="526" ind1=" " ind2=" ">
    <subfield code="a">SEG40</subfield>
  </datafield>
  <datafield tag="526" ind1=" " ind2=" ">
    <subfield code="a">SEG39</subfield>
  </datafield>
  <datafield tag="526" ind1=" " ind2=" ">
    <subfield code="a">P94</subfield>
  </datafield>
  <datafield tag="526" ind1=" " ind2=" ">
    <subfield code="a">P87</subfield>
  </datafield>
  <datafield tag="526" ind1=" " ind2=" ">
    <subfield code="a">P86</subfield>
  </datafield>
  <datafield tag="526" ind1=" " ind2=" ">
    <subfield code="a">P85</subfield>
  </datafield>
  <datafield tag="526" ind1=" " ind2=" ">
    <subfield code="a">P77</subfield>
  </datafield>
  <datafield tag="526" ind1=" " ind2=" ">
    <subfield code="a">P76</subfield>
  </datafield>
  <datafield tag="526" ind1=" " ind2=" ">
    <subfield code="a">P35</subfield>
  </datafield>
  <datafield tag="600" ind1=" " ind2="0">
    <subfield code="a">White, Elena G. de,</subfield>
    <subfield code="d">1827-1915</subfield>
    <subfield code="x">Sermones.</subfield>
    <subfield code="v">Sermones.</subfield>
    <subfield code="9">4284</subfield>
  </datafield>
  <datafield tag="650" ind1=" " ind2="4">
    <subfield code="a">Adventistas del S&#xE9;ptimo D&#xED;a</subfield>
    <subfield code="v">Sermones</subfield>
  </datafield>
  <datafield tag="655" ind1=" " ind2="4">
    <subfield code="a">Sermones</subfield>
  </datafield>
  <datafield tag="942" ind1=" " ind2=" ">
    <subfield code="2">ddc</subfield>
    <subfield code="c">BK</subfield>
    <subfield code="n">0</subfield>
  </datafield>
  <datafield tag="999" ind1=" " ind2=" ">
    <subfield code="c">62595</subfield>
    <subfield code="d">62594</subfield>
  </datafield>
  <datafield tag="980" ind1=" " ind2=" ">
    <subfield code="6">18226</subfield>
    <subfield code="a">Jaime Vilcaz&#xE1;n Jefe de An&#xE1;lisis Documental</subfield>
    <subfield code="8">1</subfield>
    <subfield code="g">ALBERTO SANCHEZ Responsable de Automatizaci&#xF3;n</subfield>
  </datafield>
  <datafield tag="952" ind1=" " ind2=" ">
    <subfield code="r">2025-12-02 00:00:00</subfield>
    <subfield code="l">3</subfield>
    <subfield code="o">286.7325 SE</subfield>
    <subfield code="p">82233</subfield>
    <subfield code="s">2025-10-31</subfield>
    <subfield code="t">e1</subfield>
    <subfield code="v">7.12</subfield>
    <subfield code="w">2024-07-18</subfield>
    <subfield code="x">FACTEO</subfield>
    <subfield code="y">BK</subfield>
    <subfield code="1">0</subfield>
    <subfield code="2">ddc</subfield>
    <subfield code="5">0</subfield>
    <subfield code="7">0</subfield>
    <subfield code="8">GEN</subfield>
    <subfield code="f">P35</subfield>
    <subfield code="a">BUL</subfield>
    <subfield code="b">BUL</subfield>
    <subfield code="c">GEN</subfield>
    <subfield code="d">2024-07-12</subfield>
    <subfield code="e">Donaci&#xF3;n, Miguel Bernui.</subfield>
  </datafield>
</record>
